[Event "BCF-chT3Sa 1920 (4NCL)"]
[Site "England"]
[Date "2019.11.10"]
[Round "2.32"]
[White "Jones, Christopher M"]
[Black "Jarvis, Derek A"]
[Result "1-0"]
[WhiteElo "2120"]
[BlackElo "1997"]
[PlyCount "81"]
[EventDate "2019.11.09"]
[EventType "team-tourn"]
[EventRounds "11"]
[EventCountry "ENG"]
[SourceTitle "EXT 2023"]
[Source "ChessBase"]
[SourceDate "2022.10.05"]
[SourceVersion "1"]
[SourceVersionDate "2022.10.05"]
[SourceQuality "1"]
[WhiteTeam "The Rookies"]
[BlackTeam "Ashfield"]
[WhiteTeamCountry "ENG"]
[BlackTeamCountry "ENG"]

1. e4 e5 2. Nf3 Nc6 3. Bc4 Be7 4. 0-0 Nf6 5. d3 0-0 6. Re1 d6 7. a4 Be6 8. Bxe6 fxe6 9. c3 Qd7 10. b4 a6 11. Nbd2 Kh8 12. Nf1 Rae8 13. b5 axb5 14. axb5 Nd8 15. Qb3 Nh5 16. d4 exd4 17. cxd4 Rf7 18. Ng5 Bxg5 19. Bxg5 h6 20. Be3 Nf6 21. f3 Rfe7 22. Ra7 Rf8 23. Ng3 Qe8 24. Ra8 Qf7 25. b6 c6 26. Bc1 Rd7 27. Ba3 Re8 28. e5 dxe5 29. dxe5 Nd5 30. Ne4 Qf4 31. Nc5 Qd4+ 32. Kh1 Qf2 33. Rg1 Rf7 34. Nxe6 Rxe6 35. Rxd8+ Kh7 36. Qd3+ g6 37. Rd6 Nf4 38. Qc4 Ree7 39. Rf6 Rxf6 40. exf6 Ne2 41. Bc5 1-0

[Event "South Normanton 4NCL op-B 23rd"]
[Site "South Normanton"]
[Date "2019.10.05"]
[Round "2"]
[White "Bromilow, Edward"]
[Black "Jarvis, Derek A"]
[Result "1/2-1/2"]
[WhiteElo "1867"]
[BlackElo "1942"]
[PlyCount "45"]
[EventDate "2019.10.04"]
[EventType "swiss"]
[EventRounds "5"]
[EventCountry "ENG"]
[SourceTitle "CBM 193 Extra"]
[Source "ChessBase"]
[SourceDate "2020.01.31"]
[SourceVersion "1"]
[SourceVersionDate "2020.01.31"]
[SourceQuality "1"]

1. d4 d5 2. Nc3 Nf6 3. Bf4 g6 4. Qd2 Bg7 5. 0-0-0 c6 6. Bh6 0-0 7. h4 Bxh6 8. Qxh6 Ng4 9. Qf4 Qd6 10. Qxd6 exd6 11. Nh3 Bf5 12. e3 Nd7 13. Bd3 Bxd3 14. cxd3 f5 15. Ne2 Rae8 16. Nef4 Rf6 17. Rd2 h5 18. Ng5 Kg7 19. Kd1 Nh6 20. g3 Nf7 21. Nfh3 Nxg5 22. Nxg5 Nf8 23. b4 1/2-1/2

[Event "BCF-chT4S 1819 (4NCL)"]
[Site "England"]
[Date "2019.05.05"]
[Round "10.24"]
[White "Jarvis, Derek A"]
[Black "Rabbitt, Michael"]
[Result "1/2-1/2"]
[WhiteElo "2065"]
[BlackElo "1985"]
[PlyCount "36"]
[EventDate "2018.11.17"]
[EventType "team-swiss"]
[EventRounds "11"]
[EventCountry "ENG"]
[SourceTitle "EXT 2021"]
[Source "ChessBase"]
[SourceDate "2020.10.23"]
[SourceVersion "1"]
[SourceVersionDate "2020.10.23"]
[SourceQuality "1"]
[WhiteTeam "Ashfield"]
[BlackTeam "Check Innmates II"]
[WhiteTeamCountry "ENG"]
[BlackTeamCountry "ENG"]

1. e4 e5 2. Nf3 Nc6 3. Bc4 Bc5 4. b4 Bb6 5. a4 a6 6. c3 Nf6 7. d3 d6 8. Nbd2 Ne7 9. Bb3 c6 10. 0-0 0-0 11. h3 Ng6 12. Nc4 Bc7 13. Re1 Re8 14. Be3 d5 15. Ncd2 h6 16. Bc2 Be6 17. a5 Qd6 18. Qe2 Rad8 1/2-1/2

[Event "Shropshire op"]
[Site "Telford"]
[Date "2019.01.05"]
[Round "3"]
[White "Jarvis, Derek A"]
[Black "Sygnowski, Tomasz"]
[Result "0-1"]
[WhiteElo "1959"]
[BlackElo "2143"]
[PlyCount "121"]
[EventDate "2019.01.04"]
[EventType "swiss"]
[EventRounds "5"]
[EventCountry "ENG"]
[SourceTitle "CBM 188 Extra"]
[Source "ChessBase"]
[SourceDate "2019.02.26"]
[SourceVersion "1"]
[SourceVersionDate "2019.02.26"]
[SourceQuality "1"]

1. e4 e6 2. d4 d5 3. Nd2 Nf6 4. e5 Nfd7 5. Bd3 c5 6. c3 Nc6 7. Ne2 Qb6 8. 0-0 Be7 9. Nf3 a5 10. a3 a4 11. h4 h6 12. h5 0-0 13. Bc2 Qa6 14. Nf4 Re8 15. Re1 Nf8 16. Bd2 Bd7 17. Be3 Qb6 18. Qc1 cxd4 19. Nxd4 Nxd4 20. Bxd4 Bc5 21. Ne2 Rec8 22. Rb1 Qd8 23. Qf4 b6 24. Rbd1 Bb5 25. Ng3 Nd7 26. Re3 Qc7 27. Ne2 Bxe2 28. Rxe2 f6 29. Qg4 f5 30. Qg3 Nb8 31. Be3 Bxe3 32. Rxe3 Nc6 33. Qg6 Qf7 34. Rg3 Qxg6 35. Rxg6 Kf7 36. f4 b5 37. g4 Ne7 38. gxf5 Nxg6 39. fxe6+ Kxe6 40. Bxg6 Rc4 41. Bd3 Rxf4 42. Bxb5 Kxe5 43. Bc6 Rd8 44. Kg2 Rd6 45. Be8 d4 46. Re1+ Re4 47. Rxe4+ Kxe4 48. Bxa4 dxc3 49. bxc3 Kd3 50. Kg3 Kxc3 51. Be8 Kd4 52. Kg4 Ke5 53. a4 Rd1 54. Bb5 Rd4+ 55. Kf3 Kf6 56. Ke3 Rh4 57. Kd3 Ke7 58. a5 Rxh5 59. Kc4 Kd6 60. a6 Rxb5 61. Kxb5 0-1

[Event "Shropshire op"]
[Site "Telford"]
[Date "2019.01.05"]
[Round "2"]
[White "Stewart, Ashley"]
[Black "Jarvis, Derek A"]
[Result "1/2-1/2"]
[WhiteElo "2122"]
[BlackElo "1959"]
[PlyCount "128"]
[EventDate "2019.01.04"]
[EventType "swiss"]
[EventRounds "5"]
[EventCountry "ENG"]
[SourceTitle "CBM 188 Extra"]
[Source "ChessBase"]
[SourceDate "2019.02.26"]
[SourceVersion "1"]
[SourceVersionDate "2019.02.26"]
[SourceQuality "1"]

1. c4 e5 2. g3 Nf6 3. Bg2 c6 4. Nf3 e4 5. Nd4 d5 6. d3 Bb4+ 7. Bd2 Bxd2+ 8. Qxd2 0-0 9. 0-0 Qb6 10. e3 exd3 11. cxd5 cxd5 12. Nc3 Nc6 13. Qxd3 Nxd4 14. Qxd4 Qxd4 15. exd4 Be6 16. Rac1 Rac8 17. Nb5 Rfd8 18. h3 h5 19. b3 a6 20. Nc3 Rc6 21. Na4 Rdc8 22. Rxc6 Rxc6 23. Nc5 Bc8 24. Re1 b6 25. Na4 Kf8 26. Re2 Rc1+ 27. Kh2 Rc6 28. f3 Be6 29. g4 hxg4 30. hxg4 Nd7 31. Nb2 Rc3 32. Rd2 Ke7 33. Kg3 Kd6 34. Nd1 Rc1 35. f4 g6 36. g5 Nb8 37. Bf1 Bf5 38. Ne3 Rc3 39. Kf2 Be6 40. Be2 Bd7 41. Rd1 Be6 42. Bd3 Bd7 43. Ke2 Bb5 44. Bxb5 axb5 45. Rd3 Rc1 46. Ng4 Nc6 47. Ne5 Nxe5 48. fxe5+ Ke6 49. Rf3 Rc2+ 50. Kd3 Rxa2 51. Rf6+ Ke7 52. Rxb6 Rg2 53. Rxb5 Rg3+ 54. Kc2 Ke6 55. Ra5 Rxg5 56. Kc3 Rg3+ 57. Kb4 Rd3 58. Ra6+ Kf5 59. Rf6+ Ke4 60. e6 Rxd4+ 61. Kc3 Rd3+ 62. Kc2 fxe6 63. Rxe6+ Kd4 64. Rxg6 Rh3 1/2-1/2

[Event "BCF-chT3N 1617 (4NCL)"]
[Site "England"]
[Date "2017.03.18"]
[Round "7.66"]
[White "Kildea, Robbie"]
[Black "Jarvis, Derek A"]
[Result "0-1"]
[WhiteElo "1729"]
[BlackElo "1935"]
[PlyCount "72"]
[EventDate "2016.11.26"]
[EventType "team-swiss"]
[EventRounds "11"]
[EventCountry "ENG"]
[SourceTitle "EXT 2019"]
[Source "ChessBase"]
[SourceDate "2018.10.10"]
[SourceVersion "1"]
[SourceVersionDate "2018.10.10"]
[SourceQuality "1"]
[WhiteTeam "Enniscorthy"]
[BlackTeam "Ashfield Breadsall"]
[WhiteTeamCountry "IRL"]
[BlackTeamCountry "ENG"]

1. e4 e6 2. d4 d5 3. Nc3 Nf6 4. e5 Nfd7 5. f4 c5 6. Nf3 Nc6 7. Be3 a6 8. Qd2 b5 9. Be2 Qb6 10. Rd1 Bb7 11. Ng5 Nxd4 12. Bxd4 cxd4 13. Qxd4 Bc5 14. Qd3 Bf2+ 15. Kf1 Nc5 16. Qh3 b4 17. Nb1 h6 18. f5 0-0 19. f6 hxg5 20. fxg7 Kxg7 21. Qf3 Ne4 22. Bd3 f6 23. Bxe4 fxe5 24. Qh5 Bh4+ 25. Ke2 Rf2+ 26. Kd3 dxe4+ 27. Kc4 Qb5+ 28. Kb3 Bd5+ 29. Rxd5 Qxd5+ 30. Ka4 Qxa2+ 31. Na3 bxa3 32. b3 Qxc2 33. Rd1 Qc6+ 34. Kxa3 Qc5+ 35. b4 Qc3+ 36. Ka4 Ra2# 0-1

[Event "BCF-chT3Sc 1516 (4NCL)"]
[Site "England"]
[Date "2016.05.02"]
[Round "11.58"]
[White "Stewart, Joseph"]
[Black "Jarvis, Derek A"]
[Result "1/2-1/2"]
[WhiteElo "2181"]
[BlackElo "1929"]
[PlyCount "121"]
[EventDate "2016.03.20"]
[EventType "team-swiss"]
[EventRounds "11"]
[EventCountry "ENG"]
[SourceTitle "EXT 2017"]
[Source "ChessBase"]
[SourceDate "2016.10.25"]
[SourceVersion "1"]
[SourceVersionDate "2016.10.25"]
[SourceQuality "1"]
[WhiteTeam "West is Best"]
[BlackTeam "Ashfield Breadsall"]
[WhiteTeamCountry "ENG"]
[BlackTeamCountry "ENG"]

1. e4 e6 2. d4 d5 3. exd5 exd5 4. Bd3 Nc6 5. c3 Bd6 6. Nf3 Nge7 7. Qc2 h6 8. h3 Be6 9. a4 Qd7 10. Na3 Bf5 11. Nb5 Bxd3 12. Qxd3 0-0 13. 0-0 Ng6 14. Nxd6 Qxd6 15. b4 Rfe8 16. Ba3 Qd7 17. Bc1 a6 18. Bd2 Re4 19. c4 Rae8 20. c5 Nf4 21. Bxf4 Rxf4 22. b5 Nb8 23. c6 Qc8 24. cxb7 Qxb7 25. Rfb1 Rfe4 26. bxa6 Qxa6 27. Qb5 Qd6 28. a5 Na6 29. Rc1 R4e6 30. Qa4 c5 31. dxc5 Nxc5 32. Qa3 Na6 33. Qxd6 Rxd6 34. Nd4 Rb8 35. Ra4 g6 36. Kf1 Kf8 37. Ke2 Ke8 38. Rc3 Rb2+ 39. Rc2 Rxc2+ 40. Nxc2 Nc5 41. Ra3 Kd7 42. Nd4 Ra6 43. Ke3 Nb7 44. Nb3 Kc6 45. Kd4 Kd6 46. Ra1 Nd8 47. Kc3 Nc6 48. Ra4 h5 49. f4 f6 50. g3 Ra7 51. Kd3 Ra6 52. Kc3 Ra7 53. g4 hxg4 54. hxg4 Ra6 55. Ra1 Ra7 56. Ra4 Ra6 57. Kd2 Ra7 58. Kc2 Ra6 59. Kc3 Ra7 60. Ra1 Ra6 61. Ra4 1/2-1/2

[Event "BCF-chT3Sc 1516 (4NCL)"]
[Site "England"]
[Date "2016.05.01"]
[Round "10.70"]
[White "Jarvis, Derek A"]
[Black "Holton, Jake"]
[Result "1-0"]
[WhiteElo "1929"]
[BlackElo "1730"]
[PlyCount "85"]
[EventDate "2016.03.20"]
[EventType "team-swiss"]
[EventRounds "11"]
[EventCountry "ENG"]
[SourceTitle "EXT 2017"]
[Source "ChessBase"]
[SourceDate "2016.10.25"]
[SourceVersion "1"]
[SourceVersionDate "2016.10.25"]
[SourceQuality "1"]
[WhiteTeam "Ashfield Breadsall"]
[BlackTeam "Midland Monarchs"]
[WhiteTeamCountry "ENG"]
[BlackTeamCountry "ENG"]

1. e4 c6 2. d4 d5 3. Nd2 dxe4 4. Nxe4 Nf6 5. Nxf6+ exf6 6. c3 Bd6 7. Bd3 0-0 8. Qc2 Re8+ 9. Ne2 g6 10. Be3 f5 11. 0-0-0 Be6 12. h4 Nd7 13. h5 Qf6 14. hxg6 fxg6 15. Nf4 b5 16. Nxe6 Qxe6 17. d5 cxd5 18. Bxb5 Red8 19. Bc6 Nf6 20. Bxa8 Rxa8 21. Bd4 Ne4 22. f3 Ng3 23. Rhe1 Qd7 24. Be5 Qc6 25. Bxd6 Qxd6 26. Qb3 Rd8 27. Kb1 f4 28. Qa4 Rd7 29. Re8+ Kf7 30. Rh8 Ke6 31. Re1+ Kf5 32. Rf8+ Kg5 33. Rxf4 Qxf4 34. Qxd7 Qf5+ 35. Qxf5+ Nxf5 36. Re5 Kf4 37. Rxd5 Kg3 38. c4 Kxg2 39. c5 h5 40. c6 h4 41. c7 h3 42. c8Q h2 43. Rd2+ 1-0

[Event "BCF-chT3Sb 1516 (4NCL)"]
[Site "England"]
[Date "2016.02.14"]
[Round "6.110"]
[White "Jarvis, Derek A"]
[Black "Gregory, Keith D"]
[Result "1/2-1/2"]
[WhiteElo "1929"]
[BlackElo "2008"]
[PlyCount "50"]
[EventDate "2015.11.14"]
[EventType "team-swiss"]
[EventRounds "7"]
[EventCountry "ENG"]
[SourceTitle "EXT 2017"]
[Source "ChessBase"]
[SourceDate "2016.10.25"]
[SourceVersion "1"]
[SourceVersionDate "2016.10.25"]
[SourceQuality "1"]
[WhiteTeam "Ashfield Breadsall"]
[BlackTeam "Wessex"]
[WhiteTeamCountry "ENG"]
[BlackTeamCountry "ENG"]

1. e4 d6 2. d4 Nf6 3. Nc3 Nbd7 4. Nf3 e5 5. Bc4 h6 6. 0-0 Be7 7. Qe2 c6 8. a4 Qc7 9. a5 g5 10. dxe5 dxe5 11. h3 Nf8 12. Nd2 Ng6 13. Nb3 Nf4 14. Bxf4 gxf4 15. Na4 b5 16. axb6 axb6 17. Nc3 Rb8 18. Rfd1 Rg8 19. Kh2 Rg5 20. Nd2 Kf8 21. Nf3 Rg7 22. Ba6 Be6 23. Bc4 Bc8 24. Ba6 Be6 25. Bc4 Bc8 1/2-1/2

[Event "BCF-chT3Sb 1516 (4NCL)"]
[Site "England"]
[Date "2016.01.17"]
[Round "4.98"]
[White "Jarvis, Derek A"]
[Black "Crombleholme, Alan K"]
[Result "1/2-1/2"]
[WhiteElo "1929"]
[BlackElo "2075"]
[PlyCount "127"]
[EventDate "2015.11.14"]
[EventType "team-swiss"]
[EventRounds "7"]
[EventCountry "ENG"]
[SourceTitle "CBM 170 Extra"]
[Source "ChessBase"]
[SourceDate "2016.02.25"]
[SourceVersion "1"]
[SourceVersionDate "2016.02.25"]
[SourceQuality "1"]
[WhiteTeam "Ashfield Breadsall"]
[BlackTeam "Surbiton"]
[WhiteTeamCountry "ENG"]
[BlackTeamCountry "ENG"]

1. e4 c6 2. d4 d5 3. Nd2 dxe4 4. Nxe4 Nd7 5. Ng5 Nb6 6. c3 h6 7. N5f3 Bf5 8. Bd3 Bxd3 9. Qxd3 e6 10. Ne5 Bd6 11. Ngf3 Qf6 12. 0-0 Ne7 13. Re1 Qf5 14. Bd2 Qxd3 15. Nxd3 Ng6 16. b3 Nd7 17. c4 0-0 18. g3 c5 19. Nxc5 Nxc5 20. dxc5 Bxc5 21. Bc3 Rfd8 22. Rad1 b6 23. Kf1 Be7 24. Ke2 Nf8 25. Rd3 Rxd3 26. Kxd3 Nd7 27. Kc2 Bf6 28. Ne5 Nxe5 29. Bxe5 Bxe5 30. Rxe5 Kf8 31. a4 Ke7 32. Kc3 Kd6 33. Rb5 Kc6 34. c5 Rd8 35. cxb6 axb6 36. Rb4 Rd1 37. Rf4 f6 38. h4 h5 39. Rc4+ Kb7 40. Re4 e5 41. g4 hxg4 42. Rxg4 Rd7 43. h5 Ka6 44. b4 Rc7+ 45. Rc4 Rd7 46. Rc6 Kb7 47. Re6 Rc7+ 48. Kd3 Rd7+ 49. Kc3 Rc7+ 50. Kd3 Rd7+ 51. Ke4 Rd4+ 52. Kf5 Rf4+ 53. Kg6 Rg4+ 54. Kh7 Rg5 55. Re7+ Kb8 56. Rxg7 Rxh5+ 57. Kg6 Rh2 58. Kxf6 Rxf2+ 59. Kxe5 Ra2 60. Kd6 Rxa4 61. b5 Rh4 62. Rg8+ Kb7 63. Rg7+ Kb8 64. Rg8+ 1/2-1/2

[Event "BCF-chT3Sb 1516 (4NCL)"]
[Site "England"]
[Date "2016.01.16"]
[Round "3.120"]
[White "Roberts, Nick W"]
[Black "Jarvis, Derek A"]
[Result "1/2-1/2"]
[WhiteElo "1956"]
[BlackElo "1929"]
[PlyCount "162"]
[EventDate "2015.11.14"]
[EventType "team-swiss"]
[EventRounds "7"]
[EventCountry "ENG"]
[SourceTitle "CBM 170 Extra"]
[Source "ChessBase"]
[SourceDate "2016.02.25"]
[SourceVersion "1"]
[SourceVersionDate "2016.02.25"]
[SourceQuality "1"]
[WhiteTeam "Warwicks Select II"]
[BlackTeam "Ashfield Breadsall"]
[WhiteTeamCountry "ENG"]
[BlackTeamCountry "ENG"]

1. d4 Nf6 2. Nf3 e6 3. g3 c5 4. c3 d5 5. Bg2 Nc6 6. 0-0 Bd6 7. Nbd2 cxd4 8. cxd4 Qb6 9. e3 0-0 10. b3 Bd7 11. Bb2 Rac8 12. a3 Qc7 13. Rc1 Qb8 14. Re1 Ne7 15. Qe2 Rxc1 16. Rxc1 Rc8 17. Qd1 Ng6 18. Rc2 h6 19. Qc1 Rc6 20. Bf1 Qc7 21. Bd3 Rxc2 22. Qxc2 Qxc2 23. Bxc2 a5 24. Ne5 Be8 25. Nxg6 fxg6 26. h4 Kf7 27. Kg2 Bc6 28. Nf3 Nd7 29. Kf1 b6 30. Ke1 Bb5 31. g4 Nf6 32. g5 Ng8 33. Ne5+ Bxe5 34. dxe5 Be8 35. a4 b5 36. Bd4 Ne7 37. f4 bxa4 38. bxa4 Nf5 39. Bb6 Nxh4 40. Kf2 Nf5 41. Bxa5 h5 42. Bb6 Bc6 43. a5 Bb5 44. Bc5 Ke8 45. e4 dxe4 46. Bxe4 Ba6 47. Kf3 Kd7 48. Bb4 Kc7 49. Kf2 Kd7 50. Bc5 Kc7 51. Ke1 Bb7 52. Bb6+ Kb8 53. Bd3 Bc6 54. a6 h4 55. Kf2 Ka8 56. Kg1 h3 57. Kh2 Bg2 58. Bf2 Kb8 59. a7+ Ka8 60. Bb5 Ne7 61. Bd7 Bd5 62. Kxh3 Nc6 63. Bxc6+ Bxc6 64. Bc5 Be4 65. Kg3 Kb7 66. Kf2 Bb1 67. Ke3 Bc2 68. Kd2 Bb1 69. Kc3 Bf5 70. Kb4 Bd3 71. Be3 Bb1 72. Kc5 Be4 73. Kd6 Bf5 74. Ke7 Bg4 75. Kf7 Bf5 76. Kxg7 Ka8 77. Kf7 Kb7 78. Ke7 Ka8 79. Kd6 Kb7 80. Kd7 Ka8 81. Kc7 Bb1 1/2-1/2

[Event "BCF-chT3 1415 (4NCL)"]
[Site "England"]
[Date "2015.03.21"]
[Round "7.150"]
[White "Cook, Michael P"]
[Black "Jarvis, Derek A"]
[Result "1/2-1/2"]
[WhiteElo "1976"]
[BlackElo "1901"]
[PlyCount "54"]
[EventDate "2015.03.21"]
[EventType "team-swiss"]
[EventRounds "11"]
[EventCountry "ENG"]
[SourceTitle "EXT 2016"]
[Source "ChessBase"]
[SourceDate "2015.10.08"]
[SourceVersion "1"]
[SourceVersionDate "2015.10.08"]
[SourceQuality "1"]
[WhiteTeam "Anglian Avengers II"]
[BlackTeam "Ashfield Breadsall"]
[WhiteTeamCountry "ENG"]
[BlackTeamCountry "ENG"]

1. d4 Nf6 2. Nf3 d5 3. e3 c5 4. Bb5+ Bd7 5. Be2 Nc6 6. 0-0 e6 7. b3 Bd6 8. Bb2 Be7 9. Nbd2 0-0 10. dxc5 Bxc5 11. c4 dxc4 12. Bxc4 e5 13. Ng5 Bf5 14. Qf3 Bd6 15. Nde4 Nxe4 16. Nxe4 Be7 17. Nc3 Rc8 18. Nd5 Rb8 19. Nxe7+ Nxe7 20. Ba3 Re8 21. Rfd1 Nc6 22. Bd5 e4 23. Qe2 Ne5 24. f3 exf3 25. Bxf3 Nxf3+ 26. Qxf3 Qg5 27. Bb2 Qe7 1/2-1/2

[Event "BCF-chT3S 1415 (4NCL)"]
[Site "England"]
[Date "2015.01.10"]
[Round "3.190"]
[White "Jarvis, Derek A"]
[Black "Hurney, Kevin"]
[Result "1/2-1/2"]
[WhiteElo "1901"]
[BlackElo "1960"]
[PlyCount "122"]
[EventDate "2014.11.15"]
[EventType "team-swiss"]
[EventRounds "6"]
[EventCountry "ENG"]
[SourceTitle "EXT 2016"]
[Source "ChessBase"]
[SourceDate "2015.10.08"]
[SourceVersion "1"]
[SourceVersionDate "2015.10.08"]
[SourceQuality "1"]
[WhiteTeam "Ashfield Breadsall"]
[BlackTeam "Warwicks Select II"]
[WhiteTeamCountry "ENG"]
[BlackTeamCountry "ENG"]

1. e4 d6 2. d4 Nf6 3. Nc3 g6 4. Be3 Bg7 5. Qd2 c6 6. 0-0-0 Qa5 7. f3 b5 8. a3 Nbd7 9. g4 Rb8 10. Na2 Qc7 11. Ne2 a5 12. Bh6 Bxh6 13. Qxh6 b4 14. Qe3 c5 15. g5 Nh5 16. Ng3 bxa3 17. Qxa3 Nf4 18. Ne2 Ne6 19. d5 Ng7 20. Qe3 0-0 21. Ng3 Nb6 22. Qa3 Bd7 23. Nc3 f5 24. gxf6 Rxf6 25. Be2 Nc8 26. Rhf1 Rf4 27. Rd2 Na7 28. Rdd1 Rb4 29. e5 Nb5 30. Bxb5 Bxb5 31. exd6 exd6 32. Nxb5 Rxb5 33. Ne4 Nf5 34. Qc3 Qg7 35. Qf6 Qxf6 36. Nxf6+ Kf7 37. Ne4 Rb6 38. Ng5+ Kf6 39. Nxh7+ Kg7 40. Ng5 Rfb4 41. Ne6+ Kf6 42. Rde1 Rxb2 43. Kd2 R6b4 44. Ra1 a4 45. Ra3 Nd4 46. Nxd4 Rxd4+ 47. Rd3 Ke5 48. Rxd4 Kxd4 49. Ra1 Kxd5 50. Rxa4 Ke5 51. Rg4 Kf5 52. h4 Rb1 53. Rg3 Kf6 54. c4 Rh1 55. Rg4 Kf5 56. Ke3 Rd1 57. Rg5+ Kf6 58. Rg4 Re1+ 59. Kd3 Re5 60. Rf4+ Ke6 61. Rg4 Kf6 1/2-1/2

[Event "BCF-chT3 1314 (4NCL)"]
[Site "England"]
[Date "2014.03.22"]
[Round "7.108"]
[White "Cumming, Rhys"]
[Black "Jarvis, Derek A"]
[Result "1-0"]
[WhiteElo "2038"]
[BlackElo "1916"]
[PlyCount "107"]
[EventDate "2013.11.16"]
[EventType "team-swiss"]
[EventRounds "11"]
[EventCountry "ENG"]
[SourceTitle "EXT 2015"]
[Source "ChessBase"]
[SourceDate "2014.11.20"]
[SourceVersion "1"]
[SourceVersionDate "2014.11.20"]
[SourceQuality "1"]
[WhiteTeam "Sussex Smart Survivors"]
[BlackTeam "Ashfield Breadsall"]
[WhiteTeamCountry "ENG"]
[BlackTeamCountry "ENG"]

1. e4 e6 2. d4 d5 3. e5 c5 4. c3 Nc6 5. Nf3 Bd7 6. Be2 Nge7 7. Na3 cxd4 8. cxd4 Nf5 9. Nc2 Be7 10. a3 Qb6 11. b4 Rc8 12. 0-0 0-0 13. Bd3 Kh8 14. g4 Nfxd4 15. Nfxd4 Nxe5 16. Be2 Ba4 17. Be3 Nc4 18. Rc1 Bf6 19. Bxc4 Rxc4 20. g5 Bxd4 21. Bxd4 Qc7 22. Bc5 Rc8 23. Qd2 Rg4+ 24. Kh1 Bxc2 25. Qxc2 b6 26. Qd1 Qf4 27. Be3 Rxc1 28. Bxc1 Qc4 29. f3 Rd4 30. Qe1 a5 31. Be3 Rd3 32. Bxb6 axb4 33. Qxb4 Qc8 34. Bd4 Kg8 35. Qb2 Qf8 36. Rc1 Rxf3 37. Bxg7 Qa8 38. Bf6 d4 39. Qg2 d3 40. Kg1 Qa7+ 41. Kh1 Qb7 42. Rc8+ Qxc8 43. Qxf3 Qc1+ 44. Kg2 Qxa3 45. Qf4 Qa2+ 46. Kg3 Qb1 47. Bc3 Qg1+ 48. Kh3 Qb6 49. Bd4 Qd8 50. Qe5 f6 51. Qxe6+ Kf8 52. gxf6 Qc7 53. Be5 Qf7 54. Bd6+ 1-0

[Event "BCF-chT3S 1314 (4NCL)"]
[Site "England"]
[Date "2013.11.16"]
[Round "1.158"]
[White "Jarvis, Derek A"]
[Black "Tarr, Steve"]
[Result "1-0"]
[WhiteElo "1859"]
[BlackElo "1737"]
[PlyCount "49"]
[EventDate "2013.11.16"]
[EventType "team-swiss"]
[EventRounds "6"]
[EventCountry "ENG"]
[SourceTitle "CBM 157 Extra"]
[Source "ChessBase"]
[SourceDate "2013.12.19"]
[SourceVersion "1"]
[SourceVersionDate "2013.12.19"]
[SourceQuality "1"]
[WhiteTeam "Ashfield Breadsall"]
[BlackTeam "Shropshire"]
[WhiteTeamCountry "ENG"]
[BlackTeamCountry "ENG"]

1. e4 c5 2. Nf3 d6 3. Bb5+ Bd7 4. Bxd7+ Qxd7 5. 0-0 Nc6 6. c3 Nf6 7. Qe2 e6 8. d4 cxd4 9. cxd4 Be7 10. Nc3 0-0 11. h3 Rfe8 12. Bf4 e5 13. dxe5 dxe5 14. Nxe5 Nxe5 15. Bxe5 Qe6 16. f4 Bc5+ 17. Kh1 Nd7 18. Rad1 Nxe5 19. fxe5 Rad8 20. Nd5 Qxe5 21. Rf5 Qxe4 22. Qxe4 Rxe4 23. Nf6+ gxf6 24. Rxd8+ Kg7 25. Rxc5 1-0